A little more on Galileo and the Mixed Sciences (Record no. 856882)
[ view plain ]
| 000 -CABECERA | |
|---|---|
| Campo de control de longitud fija | 00550nab a2200145 4500 |
| 003 - IDENTIFICADOR DEL NÚMERO DE CONTROL | |
| Campo de control | ES-SlBCS |
| 005 - FECHA Y HORA DE LA ÚLTIMA TRANSACCIÓN | |
| Campo de control | 20210327231236.0 |
| 008 - CÓDIGOS DE INFORMACIÓN DE LONGITUD FIJA | |
| Campo de control de longitud fija | 160413s2013 po ||||| |||| 00| 0 eng d |
| 040 ## - FUENTE DE LA CATALOGACIÓN | |
| Centro catalogador del origen | ES-SlBCS |
| Lengua de catalogación | spa |
| 100 1# - PUNTO DE ACCESO PRINCIPAL-NOMBRE DE PERSONA | |
| Nombre de persona | Ribeiro do Nascimento, Carlos Arthur |
| 9 (RLIN) | 205532 |
| 245 10 - MENCIÓN DE TÍTULO | |
| Título | A little more on Galileo and the Mixed Sciences |
| Mención de responsabilidad, etc. | Carlos Arthur Ribeiro do Nascimento |
| 600 14 - PUNTO DE ACCESO ADICIONAL DE MATERIA-NOMBRE DE PERSONA | |
| Nombre personal | Galilei, Galileo |
| Subdivisión general | Crítica e interpretación |
| 9 (RLIN) | 408170 |
| 773 0# - ENLACE AL DOCUMENTO FUENTE | |
| Parte(s) relacionada(s) | Vol. 22, Nº 44, 2013, págs. 309-320 |
| Título | Revista Filosófica de Coimbra |
| Número de control del registro relacionado | Rev971 |
| Número Internacional Normalizado para Publicaciones Seriadas (ISSN) | 0872-0851 |
| 942 ## - ENTRADA DE ELEMENTOS AGREGADOS (KOHA) | |
| Fuente de clasificaión o esquema | |
| Koha [por defecto] tipo de item | Artículos de revista |
| Suprimido | Perdido | Fuente de clasificación o esquema | Estropeado | No para préstamo | Localización permanente | Localización actual | Localización en estantería | Fecha adquisición | Préstamos totales | Fecha última consulta | Fecha del precio de reemplazo | Tipo de item de Koha |
|---|---|---|---|---|---|---|---|---|---|---|---|---|
| San Esteban | San Esteban | Depósito de revistas | 13/04/2016 | 13/04/2016 | 13/04/2016 | Artículos de revista |
